Biochemical engineering (Record no. 173495)

MARC details
000 -LEADER
fixed length control field 00454nam a2200169Ia 4500
008 - FIXED-LENGTH DATA ELEMENTS--GENERAL INFORMATION
fixed length control field 231217s9999 xx 000 0 und d
041 ## - LANGUAGE CODE
Language code of text/sound track or separate title English
082 ## - DEWEY DECIMAL CLASSIFICATION NUMBER
Classification number 660.63 AIB;1 R
100 ## - MAIN ENTRY--PERSONAL NAME
Personal name Aiba, Shuichi. Humphrey, Arthur E. Millis, Nancy F.
245 #0 - TITLE STATEMENT
Title Biochemical engineering
250 ## - EDITION STATEMENT
Edition statement 2nd ed.
260 ## - PUBLICATION, DISTRIBUTION, ETC.
Date of publication, distribution, etc. 1973
Name of publisher, distributor, etc. Academic Publ.
Place of publication, distribution, etc. NEW YORK
300 ## - PHYSICAL DESCRIPTION
Extent xvi+434
500 ## - GENERAL NOTE
General note Withdawn
650 ## - SUBJECT ADDED ENTRY--TOPICAL TERM
Topical term or geographic name entry element Biochemical,engineering
942 ## - ADDED ENTRY ELEMENTS (KOHA)
Koha item type Books
Holdings
Date last seen Total checkouts Full call number Accession number Cost, total (INR) price Price effective from Category Public note Lost status Damaged status Department Withdrawn status Home library Current library Shelving location Entry date Vendor Cost, normal purchase price Grants Billnumber Billdate Currency symbol Conversion rate Discount Old discount
26/01/2024   660.63 AIB;1 R 30762 371.00 26/01/2024 Books Weeded Out 2016 Xerox     Central Library   Central Library Central Library Central Library 16/11/2004 Deepa Book Binders 371.00 BT 7 30/03/2007 RS 1    
26/01/2024   660.63 AIB;2 R1 30763 371.00 26/01/2024 Books Weeded Out 2016 Xerox     Central Library   Central Library Central Library Central Library 16/11/2004 Deepa Book Binders 371.00 BT 7 30/03/2007 RS 1    
26/01/2024   660.63 AIB;3 30764 371.00 26/01/2024 Books Weeded Out 2016 Xerox     Central Library   Central Library Central Library Central Library 16/11/2004 Deepa Book Binders 371.00 BT 7 30/03/2007 RS 1    

© For any Suggestions or Query, please contact the library staff @ librarian@pes.edu or Phone: +9180 2672 1983/ 2108.